تخطي إلى المحتوى
Inicio
Centros participantes
Catálogo
Servicios
Contacto
تسجيل الدخول
English
Deutsch
Español
Français
Italiano
日本語
Nederlands
Português
Português (Brasil)
中文(简体)
中文(繁體)
Türkçe
עברית
Gaeilge
Cymraeg
Ελληνικά
Català
Euskara
Русский
Čeština
Suomi
Svenska
polski
Dansk
slovenščina
اللغة العربية
বাংলা
Galego
Tiếng Việt
Hrvatski
हिंदी
Հայերէն
Українська
Sámegiella
اللغة
كل الحقول
العنوان
المؤلف
الموضوع
رقم الاستدعاء
ردمك/تدمد
الوسم
ابحث
بحث متقدم
Guardianes "La dinastía"
استشهد بهذا
أرسل هذا بالبريد الإلكتروني
طباعة
تصدير التسجيلة
تصدير إلى RefWorks
تصدير إلى EndNoteWeb
تصدير إلى EndNote
أضف إلى المفضلة
رابط دائم
إضافة أول تقييم
Guardianes "La dinastía"
محفوظ في:
التفاصيل البيبلوغرافية
المؤلف الرئيسي:
Millett, Richard
التنسيق:
نص
منشور في:
San José:
EDUCA
الوسوم:
إضافة وسم
لا توجد وسوم, كن أول من يضع وسما على هذه التسجيلة!
المقتنيات
الوصف
التعليقات
مواد مشابهة
عرض للأخصائي
MARC
LEADER
00000 a a2200000 04500
001
24946
003
040
020
|a
84-8360-007-2
090
|a
175900
100
|a
Millett, Richard
245
|a
Guardianes "La dinastía"
260
|a
San José:
|b
EDUCA
300
|a
344 p.
999
|c
11026
|d
11026
مواد مشابهة
Guardianes de la dinastía /
حسب: Millet, Richard, 1938-
منشور في: (1979)
La crisis de la socialdemocracia
حسب: Luxemburgo, Rosa
Crítica de la filosofía del estado y del derecho de Hegel
حسب: Marx, Carlos
Nueva política comercial para el desarrollo
حسب: Prebisch, Raul
El Capital monopolista internacional
حسب: Fioravanti, Eduardo